000 02155nam a2200301Ia 4500
999 _c46163
_d46163
001 12995
003 GE_BSU
005 20240813145319.0
008 181216s2014||||ge |||||||||||||| ||geo||
020 _a9789941133244
040 _cGE_BSU
041 _ageo
080 _a017/019 პ-38
245 _a”პირველი სხივის” საძიებელი = "Pirveli Skhivi" the index /
_c ივანე ჯავახიშვილის სახ. თსუ ; საძიებლის შედგენაზე მუშაობდნენ : ლევან ბებურიშვილი, რუსუდან მეგრელიშვილი, მაკა ნუცუბიძე, ეკა ყაჩმაზაშვილი ; რედ. ზურაბ გაიპარაშვილი ; "პირველი სხივის" N1 და N2 წიგნის ორნამენტების ავტ. ს. კეცხოველი.
264 _aთბილისი :
_bთბილისის უნ-ტის გამ-ბა,
_c2014.
300 _a235 გვ. ;
_c29 სმ.
500 _aპირთა საძიებელი : გვ. 215-235
653 _a”პირველი სხივის” საძიებელი
653 _aქართული ჟურნალების ბიბლიოგრაფია
653 _aქართული ალმანახები
700 _aბებურიშვილი, ლ. (ლევან)
_eშემდგენელი
_923074
700 _aნუცუბიძე, მ. (მაკა)
_eშემდგენელი
_918942
700 _aყაჩმაზაშვილი, ე. (ეკა)
_eშემდგენელი
_923075
700 _aგაიპარაშვილი, ზ. (ზურაბ)
_eრედაქტორი, წინასიტყვაობის ავტორი
_918943
700 _aკეცხოველი, ს.
_eორნამენტების ავტორი
_923076
710 _aთსუ
_923077
942 _cBK
_2udc